Designing database applications with objects and rules : The IDEA methodology
Helps you master the latest advances in modern database technology with IDEA, a state-of-the-art methodology for developing, maintaining, and applying database systems. Includes case studies and examples.
محفوظ في:
| المؤلف الرئيسي: | |
|---|---|
| التنسيق: | كتاب |
| اللغة: | Undetermined |
| منشور في: |
Harlow, England
Addison-Wesley
1997
|
| الموضوعات: | |
| الوسوم: |
إضافة وسم
لا توجد وسوم, كن أول من يضع وسما على هذه التسجيلة!
|
| Thư viện lưu trữ: | Trung tâm Học liệu Trường Đại học Cần Thơ |
|---|
| LEADER | 00820nam a2200205Ia 4500 | ||
|---|---|---|---|
| 001 | CTU_232385 | ||
| 008 | 210402s9999 xx 000 0 und d | ||
| 082 | |a 005.7 | ||
| 082 | |b C415 | ||
| 100 | |a Ceri, Stefano | ||
| 245 | 0 | |a Designing database applications with objects and rules : | |
| 245 | 4 | |b The IDEA methodology | |
| 245 | 0 | |c Stefano Ceri, Piero Fraternali | |
| 260 | |a Harlow, England | ||
| 260 | |b Addison-Wesley | ||
| 260 | |c 1997 | ||
| 520 | |a Helps you master the latest advances in modern database technology with IDEA, a state-of-the-art methodology for developing, maintaining, and applying database systems. Includes case studies and examples. | ||
| 650 | |a Quản trị cơ sở dữ liệu,Database management | ||
| 910 | |b dqhieu | ||
| 980 | |a Trung tâm Học liệu Trường Đại học Cần Thơ | ||